Normal view MARC view
  • Structural design.

Entry Topical Term

Number of records used in: 5

001 - CONTROL NUMBER

  • control field: 2484

003 - CONTROL NUMBER IDENTIFIER

  • control field: NUST

005 - DATE AND TIME OF LATEST TRANSACTION

  • control field: 20170613103115.0

008 - FIXED-LENGTH DATA ELEMENTS

  • fixed length control field: 170613|| aca||aabn | a|a d

040 ## - CATALOGING SOURCE

  • Original cataloging agency: NUST
  • Transcribing agency: NUST

150 ## - HEADING--TOPICAL TERM

  • Topical term or geographic name entry element: Structural design.

670 ## - SOURCE DATA FOUND

  • Source citation: Work cat.: (NUST)23726: Hodges, Dewey H. 2482, Introduction to structural dynamics and aeroelasticity /, c.2002.
© 2023 Central Library, National University of Sciences and Technology. All Rights Reserved.